| 000 | 00603nam a2200229 a 4500 | ||
|---|---|---|---|
| 999 |
_c8621 _d8621 |
||
| 001 | 8621 | ||
| 003 | BD-JhCC | ||
| 005 | 20191214132948.0 | ||
| 008 | 180228s1981 enka | |||| ||eng|d | ||
| 020 | _a0070546592 | ||
| 035 | _a(BD-JhCC)8621 | ||
| 040 |
_aBD-JhCC _dBD-JhCC |
||
| 041 | _aeng | ||
| 082 |
_bDRI 1981 _a339 |
||
| 245 | 0 | 0 |
_aDRI readings in macro-economics / _c[edited by] Allen R. Sanderson. |
| 260 |
_aNew York ; _aLondon : _bMcGraw-Hill, _cc1981. |
||
| 300 |
_axii,419p ; _c24cm. |
||
| 650 | 0 | _aMacroeconomics. | |
| 700 | 1 | _aSanderson, Allen R. | |
| 942 |
_2ddc _cBK |
||